| 000 | 00499nam a2200181 4500 | ||
|---|---|---|---|
| 003 | SEACOMEC | ||
| 005 | 20250529131943.0 | ||
| 008 | 240503b |||||||| |||| 00| 0 eng d | ||
| 020 |
_a 8121924405 _cRs.350.00 |
||
| 040 | _aSEACOMEC | ||
| 082 |
_a621.3 _bT398 |
||
| 100 | _aTheraja, B. L | ||
| 245 | 1 |
_aA textbook of electrical technology : vol- 2 / _cB. L. Theraja and A. K. Theraja |
|
| 260 |
_aNew Delhi _b S. Chand _c2007 |
||
| 300 | _aVol. 2 | ||
| 650 | _a ELECTRICAL ENGINEERING | ||
| 942 | _cBOOK | ||
| 999 |
_c992 _d992 |
||